Bergsonizmata v Balgarija
| Main Author: | |
|---|---|
| Format: | Book |
| Language: | Bulgarian |
| Published: |
Sofija
b.v.
1945
|
MARC
| LEADER | 00000nam a2200000 a 4500 | ||
|---|---|---|---|
| 001 | vtls001169509 | ||
| 003 | SK-MaSNL | ||
| 005 | 20260301194448.0 | ||
| 008 | 240318s1945 BG 0 bul | ||
| 035 | |a SNK000112489 | ||
| 040 | |a SNK |b slo |c SNK |e AACR2 | ||
| 041 | 0 | |a bul | |
| 044 | |a BG | ||
| 100 | 1 | |a Bankov, Angeľ |4 aut |9 575072 | |
| 245 | 1 | 0 | |a Bergsonizmata v Balgarija |c Angeľ Bankov |
| 260 | |a Sofija |b b.v. |c 1945 |e S.l.Izgrieva |f Izgrieva | ||
| 300 | |a 225, [3] s. |c 8° | ||
| 958 | |a RK | ||
| 999 | |c 882000 |d 883930 | ||
| 952 | |a SNK |b SNK |y VYP |7 0 |p 17A0568505 |o snkID 66412 |i snkF 4091/76 |0 0 |1 0 |4 0 |d 2007-12-13 |l 0 |r 2026-02-24 06:18:49 |w 2026-02-24 | ||


